000 00400nam a22001697a 4500
005 20240918103828.0
008 160627b xxu||||| |||| 00| 0 eng d
020 _a0-7167-4684-0
041 _aeng
082 _b612.015
100 _aBery, Jeremy M and others
_92917
245 _aBiochemistry
260 _bW.H. Freeman and Company
_c2002
300 _a974
650 _aAgriculture
942 _cBK
999 _c4220
_d4219